NFL Top 10 Interceptions 2020s - Statistics

General Stats
  • This quiz has been taken 14 times
  • The average score is 66 of 71
Answer Stats
Year Team Player % Correct
2025: 8 Buccaneers Baker Mayfield
100%
2024: 1 Buccaneers Baker Mayfield
100%
2021: 10 Browns Baker Mayfield
100%
2025: 7 Broncos Bo Nix
100%
2024: 7 Broncos Bo Nix
100%
2024: 6 49ers Brock Purdy
100%
2023: 10 49ers Brock Purdy
100%
2025: 10 Panthers Bryce Young
100%
2024: 8 Texans C.J. Stroud
100%
2025: 1 Raiders Geno Smith
100%
2024: 3 Seahawks Geno Smith
100%
2022: 10 Seahawks Geno Smith
100%
2024: 4 Lions Jared Goff
100%
2023: 7 Lions Jared Goff
100%
2020: 5 Rams Jared Goff
100%
2025: 6 Vikings J.J. McCarthy
100%
2025: 4 Chargers Justin Herbert
100%
2021: 3 Chargers Justin Herbert
100%
2024: 2 Falcons Kirk Cousins
100%
2022: 3 Vikings Kirk Cousins
100%
2020: 3 Vikings Kirk Cousins
100%
2023: 9 Patriots Mac Jones
100%
2022: 10 Patriots Mac Jones
100%
2021: 10 Patriots Mac Jones
100%
2025: 9 Chiefs Patrick Mahomes
100%
2023: 4 Chiefs Patrick Mahomes
100%
2022: 7 Chiefs Patrick Mahomes
100%
2021: 9 Chiefs Patrick Mahomes
100%
2025: 3 Seahawks Sam Darnold
100%
2024: 5 Vikings Sam Darnold
100%
2021: 10 Panthers Sam Darnold
100%
2020: 10 Jets Sam Darnold
100%
2025: 5 Jaguars Trevor Lawrence
100%
2023: 5 Jaguars Trevor Lawrence
100%
2021: 2 Jaguars Trevor Lawrence
100%
2025: 2 Dolphins Tua Tagovailoa
100%
2023: 6 Dolphins Tua Tagovailoa
100%
2022: 9 Packers Aaron Rodgers
92%
2024: 10 Colts Anthony Richardson
92%
2020: 2 Eagles Carson Wentz
92%
2022: 2 Cowboys Dak Prescott
92%
2022: 5 Raiders Derek Carr
92%
2021: 6 Raiders Derek Carr
92%
2023: 3 Eagles Jalen Hurts
92%
2022: 8 Bengals Joe Burrow
92%
2021: 7 Bengals Joe Burrow
92%
2023: 10 Packers Jordan Love
92%
2023: 2 Bills Josh Allen
92%
2022: 4 Bills Josh Allen
92%
2021: 4 Bills Josh Allen
92%
2022: 10 Bears Justin Fields
92%
2020: 7 Cardinals Kyler Murray
92%
2021: 10 Ravens Lamar Jackson
92%
2023: 10 Rams Matthew Stafford
92%
2021: 1 Rams Matthew Stafford
92%
2022: 6 Colts Matt Ryan
92%
2020: 9 Falcons Matt Ryan
92%
2020: 10 Colts Philip Rivers
92%
2022: 10 Broncos Russell Wilson
92%
2020: 4 Seahawks Russell Wilson
92%
2021: 8 Titans Ryan Tannehill
92%
2020: 6 Buccaneers Tom Brady
92%
2024: 10 Titans Will Levis
85%
2022: 1 Texans Davis Mills
77%
2024: 9 Browns Jameis Winston
77%
2023: 8 Falcons Desmond Ridder
69%
2023: 1 Commanders Sam Howell
69%
2020: 1 Broncos Drew Lock
62%
2021: 5 Commanders Taylor Heinicke
62%
2020: 10 Panthers Teddy Bridgewater
54%
2020: 8 49ers Nick Mullens
31%
No matching quizzes found
Score Distribution
Percent of People with Each Score
Percentile by Number Answered
Your Score History
You have not taken this quiz